Essays on world urbanization (Record no. 292)

MARC details
000 -LEADER
fixed length control field 00367nam a2200157Ia 4500
020 ## - INTERNATIONAL STANDARD BOOK NUMBER
ISBN 0-540-010006-5
082 ## - DEWEY DECIMAL CLASSIFICATION NUMBER
Classification number 307.76 ESS-
245 #0 - TITLE STATEMENT
Title Essays on world urbanization
260 ## - PUBLICATION, DISTRIBUTION, ETC. (IMPRINT)
Place of publication London
Name of publisher Gerore Philip
Year of publication 1975
300 ## - PHYSICAL DESCRIPTION
Number of Pages xiv, 402p.
650 ## - SUBJECT ADDED ENTRY--TOPICAL TERM
Topical Term Essays
650 ## - SUBJECT ADDED ENTRY--TOPICAL TERM
Topical Term Urbanization
650 ## - SUBJECT ADDED ENTRY--TOPICAL TERM
Topical Term Sociology - Methodology
700 ## - ADDED ENTRY--PERSONAL NAME
Personal name Jones, Ronald
942 ## - ADDED ENTRY ELEMENTS (KOHA)
Koha item type Books
Holdings
Withdrawn status Lost status Damaged status Not for loan Home library Current library Date acquired Full call number Accession Number Price effective from Koha item type
        NASSDOC Library NASSDOC Library 08/06/2004 307.76 ESS- 8303 18/04/2019 Books